Criminal behavior a psychosocial approach (Registro nro. 88263)

Detalles MARC
000 -ENCABEZADO
Número de control [NR] 00771nam a22002177a 4500
005 - FECHA Y HORA DE LA ÚLTIMA TRANSACCIÓN
control field 20240704162038.0
008 - DE LONGITUD FIJA DE DATOS DE ELEMENTOS - INFORMACIÓN GENERAL
Elementos de longitud fija [NR] 130821s1999 xxua gr eng
020 ## - NUMERO INTERNACIONAL NORMALIZADO PARA LIBROS [R]
Número Internacional Normalizado del libro [NR] 0137876491
040 ## - FUENTE DE CATALOGACION [NR]
Agencia de catalogación original [NR] Co-BoUCM
Idioma de catalogación [NR] spa
Quien Cataloga Sandra Palacio (modificó)
Quien Clasifica Sandra Palacio (modificó)
041 00 - CODIGO DE IDIOMA [R]
Código de idioma para texto/pista de sonido o título separado [R] Inglés
060 ## - SIGNATURA TOPOGRAFICA DE LA BIBLIOTECA NACIONAL DE MEDICINA (NLM) [R]
Número clasificador [R] WM 605
100 1# - ASIENTO PRINCIPAL--NOMBRE PERSONAL [NR]
Nombre personal [NR] Bartol, Curt R.
Fechas asociadas con el nombre [NR] 1940-
ID Autoridad 150944
245 10 - MENCION DE TITULO [NR]
Título [NR] Criminal behavior a psychosocial approach
Mención de responsabilidad, etc. [NR] Curt R. Bartol
250 ## - MENCION DE EDICION [NR]
Mención de edición [NR] 5a. Ed.
260 ## - PUBLICACION, DISTRIBUCION, ETC. (PIE DE IMPRENTA) [R]
Lugar de publicación, distribución, etc. [R] Upper Saddle River (Nueva Jersey, Estados Unidos)
Nombre del editor, distribuidor, etc. [R] Prentice Hall
Fecha de publicación, distribución, etc. [R] c1999
300 ## - DESCRIPCION FISICA [R]
Extensión [R] xi, 492 páginas
Otros detalles físicos [NR] ilustraciones
650 04 - ASIENTO SECUNDARIO DE MATERIA - TERMINO TEMATICO [R]
Término temático o nombre geográfico como elemento de entrada [NR] Conducta criminal
Subdivisión geográfica [R] Estados Unidos
9 (RLIN) 11522
650 04 - ASIENTO SECUNDARIO DE MATERIA - TERMINO TEMATICO [R]
Término temático o nombre geográfico como elemento de entrada [NR] Psicología criminal
9 (RLIN) 22805
650 04 - ASIENTO SECUNDARIO DE MATERIA - TERMINO TEMATICO [R]
Término temático o nombre geográfico como elemento de entrada [NR] Psiquiatría
9 (RLIN) 8004
942 ## - ELEMENTOS DE ENTRADA AGREGADOS (KOHA)
Tipo de ítem principal el descrito en 300a Libro
Tema principal Medicina
Edición 5
Parte restante de la signatura top. B292c
Sistema de clasificación NLM
Clasificación WM 605
Título oculto en OPAC No
Existencias
Fecha de último préstamo Total préstamos Signatura topográfica Código de barras Última vez visto Volúmen / Fascículo Ejemplar Price effective from Tipo de ítem Nota pública (OPAC) Perdido Sistema de clasificación Dañado No prestable Tipo de ítem específico Suprimido Ubicación habitual Ubicación actual Localización Fecha de creación Forma de adquisición Costo
07/02/2011 17 WM 605 B292c 200016043 04/12/2025 5a. Ed. Ej.1 03/02/2013 Libro Spot Criminología e Investigación Criminal   NLM     Libro   Claustro Claustro 3er piso 30/09/2009 Donación 26000.00